00442nam a22001337a 450000500170000002000230001703500230004003700130006324501240007626000460020030000250024670000240027170000130029520180722102951.0 a817708092Xc780.00 aB-219850, B-219849 aDPLbENG aTourism and sustainable economic development :bIndian and global perspectives /cedited by M. Sarngadharan and G. Raju aNew DelhibNew Century Publicationsc2005 axvii, 375p.c22 cms. a Sarngadharan, M.  aRaju, G.